Classifica Marcatori Liverpool All-Time - Statistics

Statistiche generali
  • Questo quiz è stato fatto 38 volte
  • Il punteggio medio è 5 su 10
Statistiche sulle risposte
Gol Nazione Calciatore % Corretto
207 Egitto Mohamed Salah
100%
120 Senegal Sadio Mané
91%
186 Inghilterra Steven Gerrard
77%
329 Galles Ian Rush
69%
170 Scozia Sir Kenny Dalglish
49%
158 Inghilterra Michael Owen
43%
183 Inghilterra Robbie Fowler
23%
117 Scozia Ian St. John
3%
177 Scozia Billy Liddell
0%
262 Inghilterra Roger Hunt
0%
Nessun quiz corrispondente trovato
Distribuzione punteggi
Percentuale di utenti per punteggio
Percentile per numero di risposta
I tuoi punteggi nel tempo
Non hai fatto questo quiz